Phương phaÌp daÌ£y hoÌ£c hoÌa hoÌ£c DuÌ€ng cho sinh viên ban HoÌa - Sinh CĐSP TâÌ£p môÌ£t
TriÌ€nh baÌ€y những vâÌn đêÌ€ đaÌ£i cương vaÌ€ cơ bản nhâÌt của phương phaÌp daÌ£y hoÌ£c hoÌa hoÌ£c ở trươÌ€ng phổ thông: đôÌi tươÌ£ng, phương phaÌp, nhiêÌ£m vuÌ£ vaÌ€ caÌc phương phaÌp tổ chưÌc giảng daÌ£y...
Guardado en:
| Autor principal: | |
|---|---|
| Otros Autores: | |
| Formato: | Libro |
| Lenguaje: | Undetermined |
| Publicado: |
H.
GiaÌo duÌ£c
2000
|
| Materias: | |
| Acceso en línea: | http://lrc.tdmu.edu.vn/opac/search/detail.asp?aID=2&ID=7185 |
| Etiquetas: |
Agregar Etiqueta
Sin Etiquetas, Sea el primero en etiquetar este registro!
|
| Thư viện lưu trữ: | Trung tâm Học liệu Trường Đại học Thủ Dầu Một |
|---|
| LEADER | 01336nam a2200241Ia 4500 | ||
|---|---|---|---|
| 001 | TDMU_7185 | ||
| 008 | 210410s9999 xx 000 0 und d | ||
| 082 | |a 540.71 | ||
| 090 | |b NG528 | ||
| 100 | |a Nguyễn, Cương | ||
| 245 | 0 | |a Phương phaÌp daÌ£y hoÌ£c hoÌa hoÌ£c | |
| 245 | 0 | |b DuÌ€ng cho sinh viên ban HoÌa - Sinh CĐSP | |
| 245 | 0 | |c Nguyễn Cương (chủ biên), Nguyễn MaÌ£nh Dung, Nguyễn ThiÌ£ Sửu | |
| 245 | 0 | |n TâÌ£p môÌ£t | |
| 260 | |a H. | ||
| 260 | |b GiaÌo duÌ£c | ||
| 260 | |c 2000 | ||
| 300 | |a 243tr. | ||
| 520 | |a TriÌ€nh baÌ€y những vâÌn đêÌ€ đaÌ£i cương vaÌ€ cơ bản nhâÌt của phương phaÌp daÌ£y hoÌ£c hoÌa hoÌ£c ở trươÌ€ng phổ thông: đôÌi tươÌ£ng, phương phaÌp, nhiêÌ£m vuÌ£ vaÌ€ caÌc phương phaÌp tổ chưÌc giảng daÌ£y | ||
| 650 | |a Phương phaÌp daÌ£y hoÌ£c - HoÌa hoÌ£c; HoÌa hoÌ£c; Phương phaÌp daÌ£y hoÌ£c | ||
| 700 | |a Nguyễn, MaÌ£nh Dung | ||
| 856 | |u http://lrc.tdmu.edu.vn/opac/search/detail.asp?aID=2&ID=7185 | ||
| 980 | |a Trung tâm Học liệu Trường Đại học Thủ Dầu Một | ||